Politické myšlení Karla Jasperse /

Hlavní autor: Bojda, Martin, 1991-
Jazyk: Čeština
Vydáno: Praha : Academia, 2020
Vydání: Vydání první
Edice: Společnost (Academia)
Témata:
Fyzický popis: 653 stran ; 24 cm
Language note: Německé resumé
Knihy
Uloženo v:
LEADER 02402nam a2200673 i 4500
001 nkc20203173039
003 CZ PrNK
005 20221201132820.0
007 ta
008 200805s2020 xr f 001 0 cze
015 |a cnb003173039 
020 |a 978-80-200-3132-7  |q (brožováno) 
035 |a (OCoLC)1237098755 
040 |a ABA001  |b cze  |d BOA001  |e rda 
041 0 |a cze  |b ger 
043 |a e-gx--- 
045 |a x-x- 
072 7 |a 14(100-15)"15/20"  |x Moderní západní filozofie  |2 Konspekt  |9 5 
080 |a 101-051  |2 MRF 
080 |a 32:316.644  |2 MRF 
080 |a 1:32  |2 MRF 
080 |a 321  |2 MRF 
080 |a 930.1  |2 MRF 
080 |a 165.242.2:801.73  |2 MRF 
080 |a (048.8)  |2 MRF 
100 1 |a Bojda, Martin,  |d 1991-  |7 hka2016915459  |4 aut 
245 1 0 |a Politické myšlení Karla Jasperse /  |c Martin Bojda 
250 |a Vydání první 
264 1 |a Praha :  |b Academia,  |c 2020 
300 |a 653 stran ;  |c 24 cm 
336 |a text  |b txt  |2 rdacontent 
337 |a bez média  |b n  |2 rdamedia 
338 |a svazek  |b nc  |2 rdacarrier 
490 1 |a Společnost ;  |v sv. 36 
504 |a Obsahuje bibliografii, bibliografické odkazy a rejstřík 
546 |a Německé resumé 
600 1 7 |a Jaspers, Karl,  |d 1883-1969  |7 jn19990003999  |2 czenas 
648 7 |a 20. století  |7 ch460558  |2 czenas 
650 0 7 |a filozofové  |7 ph117191  |z Německo  |y 20. století  |2 czenas 
650 0 7 |a politické názory a postoje  |7 ph137956  |2 czenas 
650 0 7 |a filozofie a politika  |7 ph170437  |2 czenas 
650 0 7 |a filozofie dějin  |7 ph120224  |2 czenas 
650 0 7 |a filozofie politiky  |7 ph114545  |2 czenas 
650 0 7 |a interpretace (filozofie)  |7 ph135767  |2 czenas 
650 0 9 |a philosophers  |z Germany  |y 20th century  |2 eczenas 
650 0 9 |a political views and attitudes  |2 eczenas 
650 0 9 |a philosophy and politics  |2 eczenas 
650 0 9 |a philosophy of history  |2 eczenas 
650 0 9 |a philosophy of politics  |2 eczenas 
650 0 9 |a interpretation (philosophy)  |2 eczenas 
655 7 |a monografie  |7 fd132842  |2 czenas 
655 9 |a monographs  |2 eczenas 
830 0 |a Společnost (Academia)  |0 s 
910 2 |a BOA001  |b 2-1456.712 
990 |a BK 
995 |a 01 
991 |b 202101  |c NOV 
996 6 |b 2610848497  |c 2-1456.712  |l MZK  |r Sklad / do 1 hodiny  |n 13  |p p.v.  |w 001838085  |u 000010  |a 1  |e BOA001  |j MZK50  |s P 
996 7 |b 2610922789  |c 2-1456.712  |l MZK  |r Sklad / do 1 hodiny  |n 0  |p kup  |w 001838085  |u 000020  |a 1  |e BOA001  |j MZK50  |s A